Which is Higher? - Statistics

General Stats
  • This quiz has been taken 66 times
  • The average score is 10 of 15
Answer Stats
Question Answer % Correct
Atomic number? Gold
100%
Height? K2
100%
Population Kinshasa
100%
Year of coronation Louis XIV
100%
Year of birth Mark Spitz
100%
Year women first got the vote Mexico
100%
Latitude in degrees north Tehran
100%
? The price, in dollars, the US paid Russia for Alaska in 1867
100%
Total length of operational high-speed railway Turkey
100%
? Seconds in a day
50%
? Teeth in an adult
50%
Winter Olympics medals at 2018 games in Pyeongchang Canada
0%
Height Magic Johnson
0%
Percentage of test cricket matches won after... ... winning the toss
0%
The age they lived to Winston Churchill
0%
No matching quizzes found
Score Distribution
Percent of People with Each Score
Percentile by Number Answered
Your Score History
You have not taken this quiz